<?xml version="1.0" encoding="UTF-8"?><?xml-stylesheet type="text/xsl" href="static/style.xsl"?><OAI-PMH xmlns="http://www.openarchives.org/OAI/2.0/" xmlns:xsi="http://www.w3.org/2001/XMLSchema-instance" xsi:schemaLocation="http://www.openarchives.org/OAI/2.0/ http://www.openarchives.org/OAI/2.0/OAI-PMH.xsd"><responseDate>2026-04-17T05:10:10Z</responseDate><request verb="GetRecord" identifier="oai:www.recercat.cat:20.500.12328/3194" metadataPrefix="marc">https://recercat.cat/oai/request</request><GetRecord><record><header><identifier>oai:recercat.cat:20.500.12328/3194</identifier><datestamp>2025-05-16T12:53:40Z</datestamp><setSpec>com_2072_67741</setSpec><setSpec>col_2072_484352</setSpec></header><metadata><record xmlns="http://www.loc.gov/MARC21/slim" xmlns:dcterms="http://purl.org/dc/terms/" xmlns:xsi="http://www.w3.org/2001/XMLSchema-instance" xmlns:doc="http://www.lyncode.com/xoai" xsi:schemaLocation="http://www.loc.gov/MARC21/slim http://www.loc.gov/standards/marcxml/schema/MARC21slim.xsd">
   <leader>00925njm 22002777a 4500</leader>
   <datafield ind2=" " ind1=" " tag="042">
      <subfield code="a">dc</subfield>
   </datafield>
   <datafield ind2=" " ind1=" " tag="720">
      <subfield code="a">Tais Woszezenk, Cristhiele</subfield>
      <subfield code="e">author</subfield>
   </datafield>
   <datafield ind2=" " ind1=" " tag="720">
      <subfield code="a">Heinzmann-Filho, João Paulo</subfield>
      <subfield code="e">author</subfield>
   </datafield>
   <datafield ind2=" " ind1=" " tag="720">
      <subfield code="a">Donadio, Marcio</subfield>
      <subfield code="e">author</subfield>
   </datafield>
   <datafield ind2=" " ind1=" " tag="260">
      <subfield code="c">2017</subfield>
   </datafield>
   <datafield ind2=" " ind1=" " tag="520">
      <subfield code="a">Introduction: Inspiratory muscle training (IMT) is a resource widely used in pediatrics.&#xd;
However, there is great variability in relation to the characteristics of the protocols used.&#xd;
Objective: To identify the main clinical conditions and IMT protocols used in the pediatric age group. Methods: Integrative review of the literature by searching on Pubmed, Scielo, PEDro and EMBASE databases using the following strategy: threshold OR inspiratory muscle training OR muscle endurance OR muscle resistance OR endurance training OR maximal inspiratory pressure AND respiratory muscle. We have selected clinical trials that performed IMT in children and adolescents (0 to 18 years old), with a clinical diagnosis, and published in English, Portuguese and Spanish. Results: 17 studies were included. From these, 11 underwent IMT in patients with some neuromuscular disorder, being Duchenne Muscular Dystrophy the most common. The selected articles included a total sample of 327 participants. As for the characteristics of the protocols, 7 performed strength training, 5 endurance and 5 strength and endurance. The training load ranged from 30 to 80% of maximal inspiratory pressure. Moreover, 8 studies performed IMT twice daily and the session duration and the training period varied between 10 and 30 minutes, and from 3 weeks to 24 months, respectively. Conclusion: The IMT was used more frequently in patients with some neuromuscular disorder. Although there is no consensus as to the characteristics of the protocols, the choice of the load should take into account the purpose of IMT and the disease severity.</subfield>
   </datafield>
   <datafield ind1="8" ind2=" " tag="024">
      <subfield code="a">Tais Woszezenk, Cristhiele; Heinzmann-Filho, João Paulo; Fagundes Donadio, Márcio Vinícius [et al.]. Inspiratory muscle training in pediatrics: main indications and technical characteristics of the protocols. Fisioterapia em Movimento, 2017, 30(1), S317-324. Disponible en: &lt;https://www.scielo.br/j/fm/a/pV4VNh3LrPRHDktGsZx8HHR/?format=pdf&amp;lang=en>. Fecha de acceso: 28 mar. 2022. DOI: 10.1590/1980-5918.030.S01.AR01.</subfield>
   </datafield>
   <datafield ind1="8" ind2=" " tag="024">
      <subfield code="a">1980-5918</subfield>
   </datafield>
   <datafield ind1="8" ind2=" " tag="024">
      <subfield code="a">http://hdl.handle.net/20.500.12328/3194</subfield>
   </datafield>
   <datafield ind1="8" ind2=" " tag="024">
      <subfield code="a">http://dx.doi.org/10.1590/1980-5918.030.S01.AR01</subfield>
   </datafield>
   <datafield tag="653" ind2=" " ind1=" ">
      <subfield code="a">Músculs respiratoris</subfield>
   </datafield>
   <datafield tag="653" ind2=" " ind1=" ">
      <subfield code="a">Força muscular</subfield>
   </datafield>
   <datafield tag="653" ind2=" " ind1=" ">
      <subfield code="a">Pediatria</subfield>
   </datafield>
   <datafield tag="653" ind2=" " ind1=" ">
      <subfield code="a">Músculos Respiratorios</subfield>
   </datafield>
   <datafield tag="653" ind2=" " ind1=" ">
      <subfield code="a">Fuerza muscular</subfield>
   </datafield>
   <datafield tag="653" ind2=" " ind1=" ">
      <subfield code="a">Pediatría</subfield>
   </datafield>
   <datafield tag="653" ind2=" " ind1=" ">
      <subfield code="a">Respiratory muscles</subfield>
   </datafield>
   <datafield tag="653" ind2=" " ind1=" ">
      <subfield code="a">Muscle strength</subfield>
   </datafield>
   <datafield tag="653" ind2=" " ind1=" ">
      <subfield code="a">Pediatrics</subfield>
   </datafield>
   <datafield ind2="0" ind1="0" tag="245">
      <subfield code="a">Inspiratory muscle training in pediatrics: main indications and technical characteristics of the protocols</subfield>
   </datafield>
</record></metadata></record></GetRecord></OAI-PMH>